Przyporządkuj powiat województwa mazowieckiego do rejestracji - Statystyki

Ogólne statystyki
  • Ten quiz został rozwiązany 31 razy
  • Średni wynik to 24 z 42
Odpowiedzi na mapie
Odpowiedzi zakodowano w zielono-czerwonej skali na mapie do tego quizu, zgodnie z poniższymi procentami.
 
Statystyki odpowiedzi
Odpowiedź % Poprawnych
WR
89%
WA / WB / WD / WE / WF / WH / WI / WJ / WK / WN / WT / WU / WW / WW / WW / WX / WX / WY
84%
WP
74%
WRA
74%
WS
74%
WSI
74%
WL
68%
WPI
68%
WPL
68%
WPR
68%
WOS
63%
WOT
63%
WZ
63%
WGM
58%
WGR
58%
WM
58%
WND
58%
WO
58%
WPN
58%
WPU
58%
WWL
58%
WZY
58%
WBR
53%
WCI
53%
WG
53%
WLI
53%
WLS
53%
WMA
53%
WSZ
53%
WWY
53%
WZW
53%
WGS
47%
WPZ
47%
WSC
47%
WSE
47%
WSK
47%
WKZ
42%
WML
42%
WOR
42%
WWE
42%
WPY
37%
WZU
37%
Nie znaleziono quizów pasujących do podanych kryteriów
Rozkład punktacji
Procent ludzi z każdym wynikiem
Percentyl według liczby udzielonych odpowiedzi
Twoja historia wyników
Nie rozwiązałeś tego quizu